| 000 | 00406nam a22001577a 4500 | ||
|---|---|---|---|
| 005 | 20250324083009.0 | ||
| 008 | 250324b |||||||| |||| 00| 0 eng d | ||
| 020 | _a9780751751345 | ||
| 050 |
_aHD2741 _bPRO |
||
| 245 |
_aProfessional Administration; _bprofessional paper 10 |
||
| 250 | _a6th | ||
| 260 |
_aLondon _bBPP Publishing Ltd. _cc2000 |
||
| 300 | _axiv, 512p | ||
| 710 | _aICSA | ||
| 942 |
_2lcc _cBK _n0 |
||
| 999 |
_c5103 _d5103 |
||